| 000 | 00823cam a2200253 a 4500 | ||
|---|---|---|---|
| 001 | 16581235 | ||
| 005 | 20201128020939.0 | ||
| 008 | 101216s2012 nyua b 001 0 eng | ||
| 010 | _a 2010048334 | ||
| 020 | _a9780073380681 (alk. paper) | ||
| 020 | _a0073380687 (alk. paper) | ||
| 082 | 0 | 0 |
_a621.3822 _222 _bROB |
| 100 | 1 |
_aRoberts, Michael J., _cDr. _92660 |
|
| 245 | 1 | 0 |
_aSignals and Systems : _bAnalysis Using Transform Methods and MATLAB / _cMichael J. Roberts. |
| 250 | _a2nd ed. | ||
| 260 |
_aNew York : _bMcGraw-Hill, _cc2012. |
||
| 300 |
_axx, 796 p. : _bill. ; _c27 cm. |
||
| 504 | _aIncludes bibliographical references (p. 786-787) and index. | ||
| 630 | 0 | 0 |
_aMATLAB. _932474 |
| 650 | 0 |
_aSignal processing. _932475 |
|
| 650 | 0 |
_aSystem analysis. _932476 |
|
| 653 |
_bGen _cFebruary2013 |
||
| 942 |
_2ddc _cBB |
||
| 999 |
_c17253 _d17225 |
||